Eurovision countries that finished dead last - Statistics

General Stats
  • This quiz has been taken 16 times
  • The average score is 25 of 36
Answer Stats
Year Song Singer(s) Country % Correct
2024 Scared of Heights Hera Bjork Iceland
94%
2024 Loop Sarah Bonnici Malta
94%
2019 22 Sarah McTernan Ireland
88%
2021 Maps Lesley Roy Ireland
88%
2015 Aina mun pitaa Pertti Kurikan Nimipaivat Finland
81%
2019 Look Away Darude feat. Sebastian Rejman Finland
81%
2022 Lock Me In Circus Mircus Georgia
81%
2018 Our Choice Ari Olafsson Iceland
81%
2017 Line Triana Park Latvia
81%
2021 The Moon Is Rising Samanta Tina Latvia
81%
2017 Spirit of the Night Valentina Monetta & Jimmie Wilson San Marino
81%
2023 Like An Animal Piqued Jacks San Marino
81%
2006 Sense tu Jenny Andorra
75%
2012 Woki mit deim Popo Trackshittaz Austria
75%
2009 Aven Romale Gipsy.cz Czechia
75%
2016 Play Juri Pootsmann Estonia
75%
2023 Dance (Our Own Party) The Busker Malta
75%
2008 Complice Miodio San Marino
75%
2022 Disko LPS Slovenia
75%
2016 The Last of Our Kind Rykka Switzerland
75%
2014 Three Minutes To Earth The Shin and Mariko Georgia
69%
2018 For You Ethno-Jazz Band Iriao Georgia
69%
2014 Wild Soul Cristina Scarlat Moldova
69%
2010 Il pleut de l'or Michael von der Heide Switzerland
69%
2015 Time to Shine Melanie Rene Switzerland
69%
2012 Don't Close Your Eyes Max Jason Mai Slovakia
63%
2013 Here We Go PeR Latvia
56%
2011 Jestem Magdalena Tul Poland
56%
2009 Probka Intars Busulis Latvia
50%
2010 What For? Aisha Latvia
50%
2013 Straight Into Love Hannah Slovenia
50%
2004 Celebrate Pietro Esteriore & The MusicStars Switzerland
50%
2007 Mala dama Kabat Czechia
44%
2011 Never Alone 3JS Netherlands
44%
2005 Little by Little Laura & The Lovers LIthuania
38%
2008 Candlelight Csezy Hungary
31%
No matching quizzes found
Score Distribution
Percent of People with Each Score
Percentile by Number Answered
Your Score History
You have not taken this quiz